| 000 | 00443nam a22001697a 4500 | ||
|---|---|---|---|
| 003 | NUST - PNEC | ||
| 005 | 20170116181059.0 | ||
| 008 | 151002b xxu||||| |||| 00| 0 eng d | ||
| 020 | _a- | ||
| 040 | _cLIBRARY | ||
| 082 | _a954.9042 AZI | ||
| 100 |
_912230 _aAziz, Qutubuddin |
||
| 245 |
_aQuaiz-I-Azam jinnah and the battle for pakistan _cQutubuddin Aziz |
||
| 260 | _cc.1997 | ||
| 650 |
_912236 _aQuaiz-I-Azam _xHistory |
||
| 942 |
_2ddc _cBK |
||
| 999 |
_c68669 _d68669 |
||